000 00324nam a22001457a 4500
008 230413b ||||| |||| 00| 0 eng d
020 _a9780029068106
041 _aeng
080 _a316
082 _a316COS
100 _a24
101 _aSOCIO
245 _aTHE FUNCTIONS OF SOCIAL CONFLICT
_cCOSER.L
942 _2udc
_cBK
999 _c59528
_d59528